• 首页
  • 本馆介绍
  • 公告通知
  • 最新文献
  • 馆藏检索
  • 电子资源
  • 读者导购
  • 参考咨询
  • 我的图书馆
  • 登录
  • 详细信息显示
  • 放入我的书架
  • 预约/预借图书
  • 作者相关作品
  • 分类相关作品
  • 丛书相关作品
  • 出版社相关作品

书目信息

  • 表格格式
  • 工作单格式
  • 卡片格式
题名:
中学地理教学法
    
 
作者: 高如珊 , 刁传芳 编著
分册:  
出版信息: 北京   北京师范大学出版社  1988
页数: 362页
开本: 20cm
丛书名:
单 册:
中图分类: G633.55
科图分类:
主题词: 教学法-地理--中学 , 地理-教学法--中学
电子资源:
ISBN: 7-303-00278-2
000 00741nam0 2200253 45
001 0181008796
005 20070611105354.06
010    @a7-303-00278-2@dCNY2.75
100    @a19950619d1988 em y0chiy0121 ea
101 0  @achi
102    @aCN@b110000
105    @ay z 000yy
200 10 @a中学地理教学法@Azhong xue di li jiao xue fa@f刁传芳,高如珊编著@FDiao Chuan Fang,Gao Ru Shan Bian Zhu
210    @a北京@c北京师范大学出版社@d1988
215    @a362页@d20cm
300    @a高等学校教学用书
606    @a教学法-地理@x中学
606    @a地理-教学法@x中学
690    @aG633.55@v3
701  0 @a高如珊@4编著
701  0 @a刁传芳@4编著
801  2 @aCN@bNLC@c20070611
801  0 @aCN@b上海图书馆@c20040218
905    @dG633.55@e107@f1@b238106
    
    中学地理教学法/刁传芳,高如珊编著.-北京:北京师范大学出版社,1988
    362页;20cm
    高等学校教学用书
    
    ISBN 7-303-00278-2:CNY2.75
    
●
相关链接 在E读中查询图书 在五车中查询图书 在当当中查询图书 在豆瓣中查询图书


正题名:中学地理教学法     索取号:G633.55/107         预约/预借

序号 登录号 条形码 馆藏地/架位号 状态 备注
1 0233629   000604732   密集书库/ [索取号:G633.55/107] 在馆    
2 0233630   001873306   密集书库/ [索取号:G633.55/107] 在馆    
3 0233631   000604796   密集书库/ [索取号:G633.55/107] 在馆    
4 0233632   000603877   密集书库/ [索取号:G633.55/107] 在馆    
5 0233633   000604741   第四借阅区/ [索取号:G633.55/107] 在馆    
6 0233634   000602217   密集书库/ [索取号:G633.55/107] 在馆    
7 0233635   000602226   第一样本阅览室/ [索取号:G633.55/107] 在馆    
8 0233636   000602235   密集书库/ [索取号:G633.55/107] 在馆    
9 0233637   000604778   密集书库/ [索取号:G633.55/107] 在馆    
10 0233638   000604787   密集书库/ [索取号:G633.55/107] 在馆    
11 0233639   000603886   密集书库/ [索取号:G633.55/107] 在馆    
12 0233640   000604803   密集书库/ [索取号:G633.55/107] 在馆    
13 0233641   001873299   密集书库/ [索取号:G633.55/107] 在馆    
14 0233642   001938746   密集书库/ [索取号:G633.55/107] 在馆    
15 0233643   001933386   密集书库/ [索取号:G633.55/107] 在馆    
16 0233644   001873324   密集书库/ [索取号:G633.55/107] 在馆    
17 0233645   001873315   密集书库/ [索取号:G633.55/107] 在馆    
18 0238106   001961602   密集书库/ [索取号:G633.55/107] 在馆    
19 0238107   001873280   密集书库/ [索取号:G633.55/107] 在馆    
20 0238108   001873271   密集书库/ [索取号:G633.55/107] 在馆    
21 0629257   206292572   密集书库/ [索取号:G633.55/107] 在馆    
唐山师范学院图书馆 欢迎您!
大连网信软件有限公司© 版权所有